| 000 | 004360000a22001810004500 | ||
|---|---|---|---|
| 003 | MACL | ||
| 005 | 20150822143633.0 | ||
| 008 | 150822b xxu||||| |||| 00| 0 eng d | ||
| 040 |
_aMACL _cMACL |
||
| 041 | _aEnglish | ||
| 082 | _a634/SAG | ||
| 100 |
_aSagreiya, K.P. _96839 |
||
| 245 | _aForest And Forestry | ||
| 260 |
_bNatioal Book Trust _c1967 _aNew Delhi |
||
| 350 | _a5.25 | ||
| 650 |
_aAgriculture _96844 |
||
| 942 |
_cBK _k634 _2ddc |
||
| 999 |
_c7163 _d7163 |
||